000 00401nam a2200157Ia 4500
008 210716s2008 xx 000 0 und d
020 _a0849390524
041 _aeng
082 _a658.8700687 AYEJ
100 _aAyers, James B; Odegaard, Mary Ann.
245 _aRetail supply chain management.
250 _a1
260 _bAuerbach Publications
_c2008
300 _axx,426
650 _aRetailing
999 _c204686
_d204686